000 00599nam a2200229 i 4500
001 C2-0011107
003 PPAK
005 20190630221909.0
008 970128s1982 enk |||| ||||| | eng d
040 _aPPAK
_beng
_cPPAK
_erda
082 0 4 _a950
_223
090 0 0 _a950
_bASI
_dG
090 0 0 _a950
_bASI
_dR
245 0 0 _aAsia :
_bthe winning of independence
264 1 _aLondon :
_bMacmillan ,
_c1982
300 _axv, 337 pages ;
_c22 cm
336 _2rdacontent
_atext
337 _2rdamedia
_aunmediated
338 _2rdacarrier
_avolume
700 1 _aJeffrey, Robin,
_eeditor
942 _ddc
_cB
999 _c2821
_d2821